000 004820000a22001570004500
090 _aAR
_b01424
245 1 0 _aCell water potential osmotic potential, and turgor in the epidermis and mesophyll of transpiring leaves
650 1 4 _aBioquímica
_993680
650 1 4 _aFisiología vegetal
_912384
650 1 4 _aOsmosis
_994735
041 0 _aInglés
700 1 _aSchulze, E. D.
_916604
100 1 _aNonami, Hiroshi
_994737
942 _cARTICULO
773 1 _tPlanta
_3513
_h177
_q35-46
_d1989
999 _c10508
_d10508